000 00292nam a2200097Ia 4500
008 240331s9999 xx 000 0 und d
082 _bELU
100 _aMuqtada, M,. ed
245 4 _aThe elusive target :
_ban evaluation of target group approaches to employment creation in rural Asia
942 _cL
999 _c2739
_d2739